[Event "Aragon-chT Honor I"]
[Site "Spain"]
[Date "2011.03.05"]
[Round "5.9"]
[White "Van Ojik, Mark"]
[Black "Baron Rodriguez, Jesus"]
[Result "1/2-1/2"]
[WhiteElo "2284"]
[BlackElo "2447"]
[PlyCount "66"]
[EventDate "2011.02.05"]
[EventType "team-tourn"]
[EventRounds "7"]
[EventCountry "ESP"]
[SourceTitle "EXT 2013"]
[Source "ChessBase"]
[SourceDate "2012.11.22"]
[SourceVersion "1"]
[SourceVersionDate "2012.11.22"]
[SourceQuality "1"]
[WhiteTeam "Aragon"]
[BlackTeam "IberCaja"]
[WhiteTeamCountry "ESP"]
[BlackTeamCountry "ESP"]

1. e4 e5 2. Nf3 Nc6 3. Bb5 a6 4. Ba4 Nf6 5. d3 d6 6. h3 g6 7. Nc3 Bg7 8. Bg5 h6 9. Be3 0-0 10. Qd2 Kh7 11. 0-0 d5 12. Bxc6 bxc6 13. Bc5 Re8 14. Rfe1 Nd7 15. Ba3 f5 16. exd5 Bb7 17. d4 e4 18. Ne5 Nxe5 19. dxe5 Bxe5 20. Rad1 Qh4 21. Qe3 f4 22. Qc5 e3 23. Re2 cxd5 24. Nxd5 Rad8 25. Rd3 Bd6 26. Qc4 Bxd5 27. Rxd5 f3 28. Qxh4 fxe2 29. f4 Bxa3 30. Rxd8 Rxd8 31. bxa3 Rd1+ 32. Kh2 g5 33. Qh5 e1Q 1/2-1/2

[Event "Aragon-chT Honor I"]
[Site "Spain"]
[Date "2011.02.26"]
[Round "4.9"]
[White "Baron Rodriguez, Jesus"]
[Black "Del Rey, Diego"]
[Result "0-1"]
[WhiteElo "2447"]
[BlackElo "2374"]
[PlyCount "106"]
[EventDate "2011.02.05"]
[EventType "team-tourn"]
[EventRounds "7"]
[EventCountry "ESP"]
[SourceTitle "EXT 2013"]
[Source "ChessBase"]
[SourceDate "2012.11.22"]
[SourceVersion "1"]
[SourceVersionDate "2012.11.22"]
[SourceQuality "1"]
[WhiteTeam "IberCaja"]
[BlackTeam "Olivar"]
[WhiteTeamCountry "ESP"]
[BlackTeamCountry "ESP"]

1. e4 e5 2. Bc4 Nf6 3. d3 c6 4. Nf3 d5 5. Bb3 Bd6 6. Nc3 dxe4 7. Ng5 0-0 8. Ncxe4 h6 9. Nxf6+ Qxf6 10. Ne4 Qg6 11. Be3 Bb4+ 12. c3 Be7 13. 0-0 Bf5 14. f4 Bxe4 15. dxe4 Qxe4 16. Qe1 Nd7 17. Qg3 Qxe3+ 18. Qxe3 Bc5 19. Qxc5 Nxc5 20. fxe5 Nxb3 21. axb3 a6 22. b4 Rfe8 23. Rfe1 Rad8 24. Rad1 Kf8 25. Kf2 Rxd1 26. Rxd1 Rxe5 27. Rd7 Rb5 28. Rc7 g5 29. Kf3 Kg7 30. Rd7 h5 31. h4 gxh4 32. Kf4 Kg6 33. Rd6+ f6 34. Rd7 a5 35. bxa5 Rxb2 36. Kf3 Rb5 37. Kf2 Rxa5 38. Rxb7 Ra2+ 39. Kg1 Rc2 40. Rb4 Rxc3 41. Rxh4 Rc2 42. Ra4 c5 43. Kh2 c4 44. Kg3 Kg5 45. Ra5+ f5 46. Rc5 Rc3+ 47. Kf2 Kf4 48. g3+ Kg4 49. Rd5 Rf3+ 50. Ke2 Kxg3 51. Rd8 Rf2+ 52. Ke1 Rf4 53. Ke2 h4 0-1

[Event "Aragon-chT Honor I"]
[Site "Spain"]
[Date "2011.02.19"]
[Round "3.5"]
[White "Llorente Zaro, Alfonso"]
[Black "Baron Rodriguez, Jesus"]
[Result "1-0"]
[WhiteElo "2450"]
[BlackElo "2447"]
[PlyCount "81"]
[EventDate "2011.02.05"]
[EventType "team-tourn"]
[EventRounds "7"]
[EventCountry "ESP"]
[SourceTitle "EXT 2013"]
[Source "ChessBase"]
[SourceDate "2012.11.22"]
[SourceVersion "1"]
[SourceVersionDate "2012.11.22"]
[SourceQuality "1"]
[WhiteTeam "Agrupacion"]
[BlackTeam "IberCaja"]
[WhiteTeamCountry "ESP"]
[BlackTeamCountry "ESP"]

1. e4 Nf6 2. e5 Nd5 3. d4 d6 4. Nf3 Bg4 5. Be2 e6 6. 0-0 Nc6 7. c4 Nb6 8. exd6 cxd6 9. d5 exd5 10. cxd5 Bxf3 11. gxf3 Ne5 12. Bb5+ Ned7 13. Qd4 Qf6 14. Qxf6 gxf6 15. Nc3 a6 16. Re1+ Kd8 17. Be2 Ne5 18. Be3 Nbd7 19. Rac1 h5 20. Ne4 Rc8 21. Rxc8+ Kxc8 22. f4 Ng6 23. Ng3 h4 24. Nf5 Kd8 25. h3 Be7 26. Rc1 Re8 27. b4 Bf8 28. Bd3 Be7 29. a4 a5 30. bxa5 Nc5 31. Bb5 Rg8 32. Kf1 Kc7 33. Re1 Bd8 34. Bxc5 dxc5 35. d6+ Kb8 36. d7 Kc7 37. Re8 Rh8 38. Ke1 Rh5 39. Nd6 Rd5 40. Nxf7 Be7 41. Rc8# 1-0

[Event "Aragon-chT Preferente"]
[Site "Spain"]
[Date "2010.02.20"]
[Round "5.9"]
[White "Carruez Berges, Fernando"]
[Black "Baron Rodriguez, Jesus"]
[Result "0-1"]
[WhiteElo "2165"]
[BlackElo "2436"]
[PlyCount "84"]
[EventDate "2010.01.23"]
[EventType "team-swiss"]
[EventRounds "12"]
[EventCountry "ESP"]
[SourceTitle "EXT 2013"]
[Source "ChessBase"]
[SourceDate "2012.11.22"]
[SourceVersion "1"]
[SourceVersionDate "2012.11.22"]
[SourceQuality "1"]
[WhiteTeam "Agrupacion II"]
[BlackTeam "IberCaja IV"]
[WhiteTeamCountry "ESP"]
[BlackTeamCountry "ESP"]

1. e4 e5 2. Nf3 Nc6 3. Nc3 Nf6 4. Bb5 Bb4 5. 0-0 0-0 6. d3 d6 7. h3 Ne7 8. Ne2 Ng6 9. c3 Ba5 10. Ng3 c6 11. Ba4 d5 12. Bg5 h6 13. Be3 Be6 14. Bb3 Re8 15. Qc1 Bc7 16. Re1 Qd7 17. Bc2 Bxh3 18. gxh3 Qxh3 19. Qd1 Nf4 20. Bxf4 exf4 21. Nf1 dxe4 22. dxe4 Ng4 23. N3h2 f3 24. Nxf3 Rad8 25. Qe2 Re6 26. e5 Nxe5 27. Nxe5 Rxe5 28. Qxe5 Bxe5 29. Rxe5 g6 30. Rae1 Qg4+ 31. Kh2 Rd6 32. R1e2 Rf6 33. Ng3 h5 34. R5e4 Qg5 35. R4e3 Rxf2+ 36. Rxf2 Qxe3 37. Kg2 h4 38. Ne4 f5 39. Nd2 h3+ 40. Kf1 Kg7 41. Nb3 c5 42. Re2 Qxe2+ 0-1

[Event "Aragon-chT Preferente"]
[Site "Spain"]
[Date "2010.02.13"]
[Round "4.9"]
[White "Baron Rodriguez, Jesus"]
[Black "Guzman Moneo, Alberto"]
[Result "1-0"]
[WhiteElo "2436"]
[BlackElo "2215"]
[PlyCount "117"]
[EventDate "2010.01.23"]
[EventType "team-swiss"]
[EventRounds "12"]
[EventCountry "ESP"]
[SourceTitle "EXT 2013"]
[Source "ChessBase"]
[SourceDate "2012.11.22"]
[SourceVersion "1"]
[SourceVersionDate "2012.11.22"]
[SourceQuality "1"]
[WhiteTeam "IberCaja IV"]
[BlackTeam "Shatranj"]
[WhiteTeamCountry "ESP"]
[BlackTeamCountry "ESP"]

1. e4 g6 2. Nc3 Bg7 3. d4 d6 4. f4 e6 5. Nf3 Ne7 6. Bd3 Nd7 7. Be3 a6 8. Qd2 b5 9. e5 Nb6 10. a4 Nc4 11. Bxc4 bxc4 12. Qe2 Rb8 13. Ra2 Bb7 14. Qxc4 Nd5 15. Bd2 Nb4 16. Qxb4 Bxf3 17. Qc4 Bxg2 18. Rg1 Qh4+ 19. Kd1 Qxh2 20. Be3 Bf3+ 21. Kc1 0-0 22. Qxa6 Rfd8 23. Qf1 Ba8 24. Nb5 c5 25. Nxd6 cxd4 26. Qf2 Qxf2 27. Bxf2 Bh6 28. Rg4 Bf3 29. Rh4 Bg7 30. Ra3 Bc6 31. a5 h5 32. a6 Ra8 33. Ra5 Bf8 34. Bxd4 Bxd6 35. exd6 Rxd6 36. c3 Rd5 37. Rxd5 Bxd5 38. a7 e5 39. fxe5 Bf3 40. Rf4 Bd5 41. Bf2 Kf8 42. b4 Ke7 43. c4 g5 44. Bc5+ Ke8 45. Rf5 Bxc4 46. Rxg5 Kd7 47. Rxh5 Kc6 48. Rh4 Bd5 49. Rd4 Be6 50. Rd6+ Kb5 51. Kd2 Kc4 52. Ke3 Rg8 53. Rb6 Rg3+ 54. Kf4 Ra3 55. Rb8 Bd5 56. Be3 Ra4 57. Kg5 Bc6 58. b5 Bd5 59. b6 1-0